Współczesne kraje dawnego Cesarstwa Rzymskiego - Statystyki

Ogólne statystyki
  • Ten quiz został rozwiązany 388 razy
  • Średni wynik to 38 z 50
Statystyki odpowiedzi
Państwo % Poprawnych
Francja
96%
Włochy
96%
Hiszpania
92%
Niemcy
92%
Wielka Brytania
92%
Egipt
90%
Grecja
90%
Turcja
89%
Portugalia
88%
Chorwacja
84%
Maroko
84%
Serbia
84%
Austria
83%
Belgia
83%
Rumunia
82%
Algieria
81%
Albania
80%
Holandia
80%
Watykan
80%
Izrael
79%
Szwajcaria
79%
Bośnia i Hercegowina
78%
Słowenia
78%
Bułgaria
77%
Andora
75%
Kosowo
75%
Libia
75%
San Marino
74%
Syria
74%
Tunezja
74%
Irak
73%
Luksemburg
73%
Macedonia Północna
73%
Węgry
73%
Czarnogóra
72%
Iran
72%
Monako
70%
Liechtenstein
69%
Arabia Saudyjska
67%
Ukraina
67%
Rosja
65%
Gruzja
64%
Armenia
63%
Cypr
63%
Słowacja
63%
Liban
61%
Malta
61%
Azerbejdżan
59%
Jordania
54%
Kuwejt
33%
Nie znaleziono quizów pasujących do podanych kryteriów
Rozkład punktacji
Procent ludzi z każdym wynikiem
Percentyl według liczby udzielonych odpowiedzi
Twoja historia wyników
Nie rozwiązałeś tego quizu